| 000 | 00476nam a2200169 a 4500 | ||
|---|---|---|---|
| 005 | 20140412111429.0 | ||
| 008 | 090226s19uu xx 00 eng d | ||
| 020 | _a0-439-31707-x | ||
| 050 |
_aM 612.7 _bH19 2002 |
||
| 100 | _aHansen, Rosanna | ||
| 245 |
_aBones! All Kinds of hands, All kinds of feet / _cRasanna Hansen. |
||
| 260 |
_aU.S.A : _bScholastic, _c2002. |
||
| 300 | _aunp. | ||
| 440 | _aHello reader! Level 3 Science | ||
| 650 | _aBody parts | ||
| 999 |
_c106315 _d106315 |
||